2025/26 Champions League Top Goalscorers - Statistics

General Stats
  • This quiz has been taken 10 times
  • The average score is 14 of 16
Answer Stats
Goals Team Goalscorer % Correct
8 Manchester City Erling Haaland
100%
14 Bayern Munich Harry Kane
100%
10 Atlético Madrid Julián Alvarez
100%
15 Real Madrid Kylian Mbappé
100%
7 Bayern Munich Luis Díaz
100%
7 Paris Saint-Germain Ousmane Dembélé
100%
7 Galatasaray Victor Osimhen
100%
6 Paris Saint-Germain Vitinha
100%
6 Arsenal FC Gabriel Martinelli
89%
10 Paris Saint-Germain Khvicha Kvaratskhelia
89%
6 FC Barcelona Lamine Yamal
89%
6 Atlético Madrid Alexander Sørloth
78%
10 Newcastle United Anthony Gordon
78%
6 FC Barcelona Fermín López
44%
6 Newcastle United Harvey Barnes
44%
6 FK Bodø/Glimt Jens Hauge
44%
No matching quizzes found
Score Distribution
Percent of People with Each Score
Percentile by Number Answered
Your Score History
You have not taken this quiz